000 01308nam a22002297a 4500
999 _c58026
_d58026
003 Ge_BSU
005 20210517124409.0
008 210517s2008 ge ||||| |||| 00| 0 geo d
020 _a9789941141584
041 _ageo
080 _a621.3(075.8) მ-92
100 _aმუსელიანი, თენგიზ
_911802
245 _aშესავალი ელექტროტექნიკაში /
_cთენგიზ მუსელიანი, გიორგი დოლაბერიძე ; [ რეცენ. : პროფ. გ. მახარაძე. საერთო რედ. : პროფ. შ. ნაჭყებია. კომპ. უზ. : ნ. ჯაში.
264 _aთბ. :
_b[ ,,ტექნიკური უნივერსიტეტი , ]
_c2008.
300 _a483 გვ.
_bნახ.
_c20 სმ.
653 _aშესავალი ელექტრონოკაში
653 _aელექტრონოკა
700 _aდოლაბერიძე, გიორგი
_eავტორი
_911803
700 _aნაჭყებია, შ.
_eრედაქტორი
_911804
710 _aსაქართველოს ტექნიკური უნივერსიტეტი
_911805
942 _2udc
_cBK